000 01354nam a2200349 c 4500
003 BLK
005 20240618151835.0
008 180408b bul|||||r ||||||| ||bul||
010 _aKNG00085616000
020 _a978-954-529-590-4
_bиздат.: Колибри
040 _aBLK
041 _aBUL
_cBUL
080 _aАмериканска литература (на САЩ)
_b821.111(73)
_x-312.4
_z821.111(73)-312.4
700 1 _aКобен, Харлан
_e*
_979932
100 1 _aКоубън, Харлан
_eпърви автор
_983442
700 _aГлавусанов, Павел Грозданов
_9241906
139 _aКобен, Харлан
_bК 70
245 1 0 _aНевинният
_bРоман
_c* Харлан Кобен; Харлан Коубън; прев. от англ. Павел Грозданов Главусанов.
257 _aUSA
260 София
_bКолибри
_c2008
_fСофия : Симолини
300 _a418 с.
_c21 см
380 _aX
490 1 _aСъвременни трилъри
500 _aОриг. загл. The Innocent / Harlan Coben.
590 _aф
852 _aЦб 241336
856 4 _qpdf
_u
856 4 _qpdf
_u
942 _cKNG
_n0
_047
944 _aCR
_c16.09.2008
_k30560
_lГеновева Генчева
944 _aED
_c19.10.2016
_kВиолета_Тройчева
999 _c81118
_d81118